| 000 | 00972nam a2200301Ia 4500 | ||
|---|---|---|---|
| 003 | OSt | ||
| 005 | 20221007125628.0 | ||
| 006 | a|||||r|||| 00| 0 | ||
| 007 | ta | ||
| 008 | 221006b |||||||| |||| 00| 0 eng d | ||
| 020 |
_a0751404802 (hbd) _c9543.52 |
||
| 024 | _a16558 | ||
| 037 |
_b135, 23/11/2005, Dhanraj Book House _cTextual |
||
| 040 |
_aCDL _cCDL _beng |
||
| 041 |
_2eng _aeng |
||
| 082 | _aE:88, N8 Carc | ||
| 100 |
_aSzostak R _9722220 |
||
| 245 | 0 | _aMolecular sieves: principles of synthesis and identification | |
| 250 | _a2 | ||
| 260 |
_aLondon _bBlackie Academic & Professional _c1998 |
||
| 300 |
_axiii,359p _ccm. |
||
| 500 | _aIncludes bibliographical references; Index 339-354p | ||
| 650 |
_a Molecular Sieves _9722221 |
||
| 650 |
_a Synthesis and identification _9722222 |
||
| 650 | _aChemistry | ||
| 942 |
_hE:88, N8 Carc _cTEXL _2CC |
||
| 999 |
_c1215611 _d1215611 |
||